[Event "TUR-chT 2nd League"]
[Site "Denizli"]
[Date "2023.07.15"]
[Round "9.65"]
[White "Kayis, Gulcan Sena"]
[Black "Ilkbahar, Nimet Seray"]
[Result "1-0"]
[WhiteElo "1774"]
[BlackElo "1483"]
[PlyCount "39"]
[EventDate "2023.07.09"]
[EventType "team-swiss"]
[EventRounds "9"]
[EventCountry "TUR"]
[SourceTitle "CBM 215 Extra"]
[Source "ChessBase"]
[SourceDate "2023.09.30"]
[SourceVersion "1"]
[SourceVersionDate "2023.09.30"]
[SourceQuality "1"]
[WhiteTeam "Cesme Belediye"]
[BlackTeam "Eskiseh Tasci"]
[WhiteTeamCountry "TUR"]
[BlackTeamCountry "TUR"]

1. e4 c6 2. d4 d5 3. exd5 cxd5 4. Bd3 Nc6 5. c3 Nf6 6. h3 e6 7. Nf3 Bd6 8. 0-0 0-0 9. Qe2 h6 10. Ne5 Qc7 11. f4 h5 12. Nd2 a6 13. g4 hxg4 14. hxg4 g6 15. Ndf3 Kg7 16. Ng5 Qe7 17. Rf3 Nd8 18. Rh3 Rh8 19. Rxh8 Kxh8 20. Ngxf7+ 1-0

[Event "TUR-chT 2nd League"]
[Site "Konya"]
[Date "2022.08.28"]
[Round "9.1"]
[White "Duran, Esma Doga"]
[Black "Ilkbahar, Nimet Seray"]
[Result "1/2-1/2"]
[WhiteElo "1976"]
[BlackElo "1709"]
[PlyCount "113"]
[EventDate "2022.08.22"]
[EventType "team-swiss"]
[EventRounds "9"]
[EventCountry "TUR"]
[SourceTitle "CBM 210 Extra"]
[Source "ChessBase"]
[SourceDate "2022.11.30"]
[SourceVersion "1"]
[SourceVersionDate "2022.11.30"]
[SourceQuality "1"]
[WhiteTeam "Seyhan Belediye"]
[BlackTeam "Eskiseh Tasci"]
[WhiteTeamCountry "TUR"]
[BlackTeamCountry "TUR"]

1. Nf3 Nf6 2. b3 g6 3. Bb2 Bg7 4. d4 d5 5. Nbd2 b6 6. g3 Bb7 7. Bg2 Nbd7 8. 0-0 0-0 9. c4 e6 10. e3 c5 11. cxd5 Bxd5 12. Qe2 cxd4 13. Bxd4 Qe7 14. e4 Bb7 15. e5 Nd5 16. Ne4 Nb4 17. Bc3 a5 18. Rfd1 Ba6 19. Qe3 Nc2 20. Qf4 f5 21. exf6 Nxf6 22. Bxf6 Bxf6 23. Nxf6+ Rxf6 24. Qe4 Bb7 25. Qxc2 Bxf3 26. Bxf3 Rxf3 27. Qc6 Raf8 28. Rd2 Rxf2 29. Rxf2 Rxf2 30. Qxb6 Rf5 31. Re1 Kf7 32. Rc1 Rd5 33. Rc7 Rd7 34. Rxd7 Qxd7 35. Qxa5 Qd1+ 36. Kf2 Qc2+ 37. Kf3 Qd3+ 38. Kf2 Qc2+ 39. Ke3 Qxh2 40. Qc7+ Kf6 41. Qd8+ Kf7 42. Qd7+ Kf6 43. Qd4+ Kf7 44. Qf4+ Kg7 45. a4 Qg1+ 46. Kd3 Qd1+ 47. Kc3 Qe1+ 48. Kc4 Qe2+ 49. Kb4 Qe1+ 50. Kb5 Qe2+ 51. Ka5 Qe1+ 52. b4 e5 53. Qg5 e4 54. Qe7+ Kg8 55. Qe8+ Kg7 56. Qe7+ Kg8 57. Qe8+ 1/2-1/2

[Event "TUR-chT 2nd League"]
[Site "Konya"]
[Date "2022.08.26"]
[Round "7.9"]
[White "Ilkbahar, Nimet Seray"]
[Black "Sural, Ceren"]
[Result "1-0"]
[WhiteElo "1709"]
[BlackElo "1684"]
[PlyCount "111"]
[EventDate "2022.08.22"]
[EventType "team-swiss"]
[EventRounds "9"]
[EventCountry "TUR"]
[SourceTitle "CBM 210 Extra"]
[Source "ChessBase"]
[SourceDate "2022.11.30"]
[SourceVersion "1"]
[SourceVersionDate "2022.11.30"]
[SourceQuality "1"]
[WhiteTeam "Eskiseh Tasci"]
[BlackTeam "Istanbul Sisli"]
[WhiteTeamCountry "TUR"]
[BlackTeamCountry "TUR"]

1. e4 c5 2. Nc3 Nc6 3. d3 d6 4. g3 g6 5. Bg2 Bg7 6. Be3 Bd7 7. Qd2 Rc8 8. h3 Nd4 9. Nd1 Ba4 10. Rc1 e5 11. c3 Ne6 12. Nf3 Bc6 13. c4 f5 14. Ng5 Nxg5 15. Bxg5 Qd7 16. Be3 Nf6 17. Nc3 h6 18. Nd5 Bxd5 19. exd5 Kf7 20. 0-0 Rce8 21. Rce1 Nh5 22. Kh2 g5 23. Qd1 Nf6 24. f4 exf4 25. gxf4 g4 26. Bf2 h5 27. h4 g3+ 28. Kxg3 Bh6 29. Bg1 Rhg8+ 30. Kh3 Kg7 31. Rf3 Kh7 32. Rxe8 Qxe8 33. Bf2 Qg6 34. Rg3 Ng4 35. Qf3 Bg7 36. b3 Bf6 37. Qe2 Bd8 38. Bf3 Re8 39. Qd2 Qf7 40. Rg1 Qe7 41. Rf1 Kh6 42. Rg1 Kh7 43. Rf1 a6 44. Rg1 Ba5 45. Qc2 Qf6 46. d4 Nxf2+ 47. Qxf2 Bc3 48. Rg5 Qxd4 49. Qg2 Qg7 50. Rxg7+ Bxg7 51. Bxh5 Re3+ 52. Kh2 Re7 53. Bg6+ Kh8 54. Bxf5 b5 55. Qg6 Bd4 56. Be6 1-0

[Event "TUR-ch U13-U18 Girls"]
[Site "Antalya"]
[Date "2020.01.22"]
[Round "6"]
[White "Bas, Selin"]
[Black "Ilkbahar, Nimet Seray"]
[Result "1/2-1/2"]
[WhiteElo "1351"]
[BlackElo "1717"]
[PlyCount "101"]
[EventDate "2020.01.19"]
[EventType "swiss"]
[EventRounds "11"]
[EventCountry "TUR"]
[SourceTitle "CBM 195 Extra"]
[Source "ChessBase"]
[SourceDate "2020.05.31"]
[SourceVersion "1"]
[SourceVersionDate "2020.05.31"]
[SourceQuality "1"]

1. d4 Nf6 2. Bf4 g6 3. Nc3 d5 4. e3 Bg7 5. Nf3 c6 6. Be2 Nbd7 7. h4 h5 8. Nd2 a6 9. a4 c5 10. Bf3 cxd4 11. exd4 Nf8 12. Nb3 Bg4 13. a5 Bf5 14. Qe2 e6 15. Bg5 Qe7 16. 0-0 N8h7 17. Rfe1 Nxg5 18. hxg5 Ne4 19. Nxe4 dxe4 20. Bxe4 Bxe4 21. Qxe4 Qxg5 22. Qxb7 0-0 23. Qe4 Rfd8 24. Rad1 Rab8 25. Rd3 Rb4 26. Qe3 Qb5 27. Red1 Rd5 28. Qf3 Qa4 29. Ra1 Qb5 30. Rad1 Qa4 31. Ra1 Qc6 32. Rc3 Qe8 33. Rd1 Bxd4 34. Rxd4 Rbxd4 35. Nxd4 Rxd4 36. Qb7 Rd1+ 37. Kh2 Qa4 38. Qb8+ Kh7 39. Qc7 Qh4+ 40. Rh3 Qxf2 41. Rf3 Qg1+ 42. Kg3 Qe1+ 43. Kh2 Qh1+ 44. Kg3 h4+ 45. Kf4 Qh2+ 46. g3 Rd4+ 47. Kg5 Qd2+ 48. Rf4 Rxf4 49. gxf4 Qd5+ 50. Kxh4 Qf5 51. Kg3 1/2-1/2

[Event "TUR-chT 2nd League"]
[Site "Konya"]
[Date "2019.07.23"]
[Round "2.1"]
[White "Ilkbahar, Nimet Seray"]
[Black "Mustu, Hatice Asli"]
[Result "1-0"]
[WhiteElo "1531"]
[BlackElo "1679"]
[PlyCount "81"]
[EventDate "2019.07.22"]
[EventType "team-swiss"]
[EventRounds "9"]
[EventCountry "TUR"]
[SourceTitle "CBM 191 Extra"]
[Source "ChessBase"]
[SourceDate "2019.09.30"]
[SourceVersion "1"]
[SourceVersionDate "2019.09.30"]
[SourceQuality "1"]
[WhiteTeam "Bursa Nida"]
[BlackTeam "Apaydin Satranc Spor"]
[WhiteTeamCountry "TUR"]
[BlackTeamCountry "TUR"]

1. e4 c5 2. Nc3 a6 3. g3 b5 4. Bg2 Bb7 5. Nge2 e6 6. 0-0 d6 7. d3 Nf6 8. h3 Qc7 9. Be3 Be7 10. Qd2 0-0 11. f4 d5 12. e5 Nfd7 13. Bf2 Nb6 14. g4 b4 15. Nd1 N8d7 16. c3 a5 17. Ng3 Rac8 18. Re1 Ba6 19. Nh5 g6 20. Ng3 Rfd8 21. Nf1 Bf8 22. Bg3 Bg7 23. Nf2 Re8 24. g5 Nb8 25. Ng4 Red8 26. Nf6+ Kh8 27. Bf2 N6d7 28. h4 Nc6 29. h5 Ne7 30. Re3 Nf5 31. Rh3 Bxf6 32. gxf6 Nf8 33. Qd1 Rb8 34. Ne3 Nxe3 35. Bxe3 bxc3 36. bxc3 d4 37. cxd4 cxd4 38. Bf2 Bb7 39. Rc1 Qd7 40. Qg4 Bxg2 41. Qg5 1-0

[Event "TUR-chT 2nd League"]
[Site "Konya"]
[Date "2019.07.22"]
[Round "1.8"]
[White "Meylani, Irem Serdil"]
[Black "Ilkbahar, Nimet Seray"]
[Result "1/2-1/2"]
[WhiteElo "1411"]
[BlackElo "1531"]
[PlyCount "89"]
[EventDate "2019.07.22"]
[EventType "team-swiss"]
[EventRounds "9"]
[EventCountry "TUR"]
[SourceTitle "CBM 191 Extra"]
[Source "ChessBase"]
[SourceDate "2019.09.30"]
[SourceVersion "1"]
[SourceVersionDate "2019.09.30"]
[SourceQuality "1"]
[WhiteTeam "Yalova Altinkale"]
[BlackTeam "Bursa Nida"]
[WhiteTeamCountry "TUR"]
[BlackTeamCountry "TUR"]

1. e4 c6 2. d4 d5 3. Nd2 dxe4 4. Nxe4 Nf6 5. Nxf6+ exf6 6. Nf3 Bg4 7. Be2 Bd6 8. h3 Bh5 9. Be3 Na6 10. Qd2 Nb4 11. c4 Bg6 12. 0-0 Nc2 13. Rad1 Bb4 14. Qc1 Qe7 15. Bd3 Nxe3 16. Qxe3 Qxe3 17. fxe3 0-0-0 18. a3 Ba5 19. Bxg6 fxg6 20. b4 Bc7 21. e4 Bg3 22. Rd3 Rhe8 23. Nd2 Bh4 24. d5 Bg5 25. Re1 Bxd2 26. Rxd2 cxd5 27. cxd5 Re5 28. Rc1+ Kb8 29. Rc4 f5 30. exf5 gxf5 31. d6 Re6 32. Rcd4 Rd7 33. Rd5 g6 34. Kf2 a6 35. a4 Re4 36. R2d4 Re6 37. Kf3 h6 38. g4 fxg4+ 39. hxg4 Rf7+ 40. Kg3 Re3+ 41. Kg2 Re2+ 42. Kg1 Re1+ 43. Kg2 Re2+ 44. Kg1 Re1+ 45. Kg2 1/2-1/2

[Event "World School-ch U15 Girls"]
[Site "Antalya"]
[Date "2019.04.26"]
[Round "9"]
[White "Pavalachandran, Ashvini"]
[Black "Ilkbahar, Nimet Seray"]
[Result "1-0"]
[WhiteElo "1489"]
[BlackElo "1529"]
[PlyCount "113"]
[EventDate "2019.04.18"]
[EventType "swiss"]
[EventRounds "9"]
[EventCountry "TUR"]
[SourceTitle "CBM 190 Extra"]
[Source "ChessBase"]
[SourceDate "2019.07.15"]
[SourceVersion "1"]
[SourceVersionDate "2019.07.15"]
[SourceQuality "1"]

1. d4 Nf6 2. c4 g6 3. Nc3 Bg7 4. e4 d6 5. Nf3 Nc6 6. d5 Nb8 7. Be2 0-0 8. 0-0 e5 9. Bg5 h6 10. Bh4 g5 11. Bg3 Nh5 12. Ne1 Nf4 13. b4 f5 14. f3 Nxe2+ 15. Nxe2 f4 16. Bf2 h5 17. c5 g4 18. Rc1 h4 19. fxg4 Bxg4 20. h3 Bh5 21. Qd3 Na6 22. a3 Kh8 23. c6 bxc6 24. dxc6 Nb8 25. b5 Bf6 26. Nf3 Rg8 27. Nc3 Qe7 28. Kh1 Bxf3 29. Qxf3 Qf7 30. Nd5 Bd8 31. a4 Qe8 32. a5 Rg7 33. Qe2 a6 34. b6 Nxc6 35. bxc7 Bxc7 36. Bxh4 Bd8 37. Bxd8 Rxd8 38. Qxa6 Qg6 39. Rf2 Qg3 40. Qf1 Nxa5 41. Nc7 Rdg8 42. Nb5 Qg6 43. Qe1 Nb7 44. Rd1 Qh6 45. Rd3 Rg6 46. Rfd2 Qg7 47. Qh4+ Rh6 48. Qe1 Qd7 49. Qb1 Qc6 50. Qb4 Qc1+ 51. Rd1 Qc8 52. Qb2 Qc6 53. Nxd6 Rg7 54. Qxe5 f3 55. Nf7+ Kh7 56. Ng5+ Rxg5 57. Rd7+ 1-0

[Event "TUR-chT2"]
[Site "Konya"]
[Date "2018.07.13"]
[Round "6.3"]
[White "Ilkbahar, Nimet Seray"]
[Black "Mustu, Hatice Asli"]
[Result "1-0"]
[WhiteElo "1495"]
[BlackElo "1611"]
[PlyCount "107"]
[EventDate "2018.07.10"]
[EventType "team-swiss"]
[EventRounds "9"]
[EventCountry "TUR"]
[SourceTitle "EXT 2019"]
[Source "ChessBase"]
[SourceDate "2018.10.10"]
[SourceVersion "1"]
[SourceVersionDate "2018.10.10"]
[SourceQuality "1"]
[WhiteTeam "Bitlis Dernegi"]
[BlackTeam "Izmir Apaydin Dernegi"]
[WhiteTeamCountry "TUR"]
[BlackTeamCountry "TUR"]

1. e4 c5 2. c3 Nf6 3. e5 Nd5 4. d4 cxd4 5. cxd4 e6 6. Nf3 b6 7. a3 Bb7 8. Bd3 d6 9. 0-0 Nd7 10. Bd2 Rc8 11. Nc3 Nxc3 12. Bxc3 Qc7 13. Re1 dxe5 14. dxe5 Nc5 15. Bb5+ Bc6 16. Nd4 Bxb5 17. Nxb5 Qb7 18. Qg4 Rg8 19. Rad1 a6 20. Nd6+ Bxd6 21. Rxd6 Qc7 22. Red1 Rb8 23. Bb4 g6 24. Bc3 h5 25. Qh4 Nb7 26. R6d3 Rd8 27. Rxd8+ Nxd8 28. Qa4+ Kf8 29. Qxa6 Kg7 30. Qe2 Nc6 31. Qe3 Rd8 32. Rd6 Kg8 33. Qd2 Rxd6 34. Qxd6 Qxd6 35. exd6 Kf8 36. f4 Ke8 37. Kf2 Kd7 38. Be5 Na5 39. Ke3 Nc4+ 40. Kd3 Nxd6 41. Bxd6 Kxd6 42. Kc4 Kc6 43. a4 f6 44. b4 b5+ 45. axb5+ Kb6 46. h4 f5 47. g3 e5 48. fxe5 Kc7 49. Kc5 g5 50. b6+ Kb7 51. e6 gxh4 52. gxh4 f4 53. e7 f3 54. e8Q 1-0

[Event "Kesan op 15th"]
[Site "Kesan"]
[Date "2017.08.14"]
[Round "2"]
[White "Ilkbahar, Nimet Seray"]
[Black "Dimitrov, Atanas Valtchev"]
[Result "0-1"]
[WhiteElo "1622"]
[BlackElo "2317"]
[PlyCount "70"]
[EventDate "2017.08.13"]
[EventType "swiss"]
[EventRounds "9"]
[EventCountry "TUR"]
[SourceTitle "CBM 180 Extra"]
[Source "ChessBase"]
[SourceDate "2017.10.06"]
[SourceVersion "1"]
[SourceVersionDate "2017.10.06"]
[SourceQuality "1"]

1. e4 g6 2. d4 Bg7 3. Nf3 c5 4. c3 cxd4 5. cxd4 d5 6. e5 Nc6 7. Nc3 Bg4 8. Be3 a6 9. Be2 Bxf3 10. Bxf3 e6 11. 0-0 Nge7 12. Na4 0-0 13. Nc5 b6 14. Nd3 Nf5 15. Nc1 f6 16. exf6 Qxf6 17. Ne2 Ncxd4 18. Nxd4 Nxd4 19. Bxd4 Qxd4 20. Qe2 Rfe8 21. Rab1 Qa4 22. b3 Qb5 23. Qd2 a5 24. Rbc1 Qb4 25. Qe2 Qd6 26. Rfd1 Rac8 27. Rxc8 Rxc8 28. Bg4 Re8 29. Qb5 Re7 30. Bf3 Qc5 31. Qe2 Bf6 32. Bg4 Kg7 33. Bxe6 Qd6 34. Re1 Bc3 35. Qd3 d4 0-1

[Event "TUR-ch (Women)"]
[Site "Aksu"]
[Date "2017.03.09"]
[Round "7"]
[White "Ilkbahar, Nimet Seray"]
[Black "Catal, Uktenur"]
[Result "1-0"]
[WhiteElo "1558"]
[BlackElo "1666"]
[PlyCount "37"]
[EventDate "2017.03.06"]
[EventType "swiss"]
[EventRounds "9"]
[EventCountry "TUR"]
[SourceTitle "CBM 177 Extra"]
[Source "ChessBase"]
[SourceDate "2017.04.27"]
[SourceVersion "1"]
[SourceVersionDate "2017.04.27"]
[SourceQuality "1"]

1. e4 c5 2. c3 d5 3. exd5 Qxd5 4. d4 Nf6 5. Nf3 e6 6. Bd3 Nc6 7. 0-0 cxd4 8. cxd4 Be7 9. Nc3 Qd6 10. Bg5 0-0 11. Rc1 a6 12. Qd2 b6 13. Ne4 Qd7 14. Nxf6+ gxf6 15. Bh6 Bb7 16. Qf4 Kh8 17. Bxf8 Rxf8 18. Qh6 f5 19. Ng5 1-0

[Event "TUR-chT2"]
[Site "Konya"]
[Date "2016.07.21"]
[Round "8.7"]
[White "Akti, Ezgi"]
[Black "Ilkbahar, Nimet Seray"]
[Result "1/2-1/2"]
[WhiteElo "1540"]
[BlackElo "1501"]
[PlyCount "30"]
[EventDate "2016.07.17"]
[EventType "team-swiss"]
[EventRounds "9"]
[EventCountry "TUR"]
[SourceTitle "CBM 173 Extra"]
[Source "ChessBase"]
[SourceDate "2016.08.29"]
[SourceVersion "1"]
[SourceVersionDate "2016.08.29"]
[SourceQuality "1"]
[WhiteTeam "Manisa Salihli Sardes"]
[BlackTeam "Mersin Ezgi"]
[WhiteTeamCountry "TUR"]
[BlackTeamCountry "TUR"]

1. e4 c6 2. d4 d5 3. Nc3 dxe4 4. Nxe4 Nf6 5. Nxf6+ exf6 6. c3 Bd6 7. Bd3 0-0 8. Qc2 Re8+ 9. Ne2 h6 10. 0-0 Qc7 11. h3 Nd7 12. Be3 b6 13. Rad1 Bb7 14. Bc4 Nf8 15. Bb3 Rad8 1/2-1/2

[Event "TUR-chT2"]
[Site "Konya"]
[Date "2016.07.17"]
[Round "1.4"]
[White "Ilkbahar, Nimet Seray"]
[Black "Incecik, Seyma Zeynep"]
[Result "0-1"]
[WhiteElo "1501"]
[BlackElo "1715"]
[PlyCount "88"]
[EventDate "2016.07.17"]
[EventType "team-swiss"]
[EventRounds "9"]
[EventCountry "TUR"]
[SourceTitle "CBM 173 Extra"]
[Source "ChessBase"]
[SourceDate "2016.08.29"]
[SourceVersion "1"]
[SourceVersionDate "2016.08.29"]
[SourceQuality "1"]
[WhiteTeam "Mersin Ezgi"]
[BlackTeam "Burdur Callica"]
[WhiteTeamCountry "TUR"]
[BlackTeamCountry "TUR"]

1. e4 c5 2. Nf3 e6 3. d3 Nc6 4. g3 Nf6 5. Nbd2 Be7 6. Bg2 d5 7. 0-0 0-0 8. exd5 exd5 9. Re1 Bg4 10. b3 Qd7 11. Bb2 d4 12. Nc4 Bd6 13. Nxd6 Qxd6 14. Qd2 h6 15. h3 Be6 16. Re2 Nd5 17. Kh2 Rae8 18. Rae1 f5 19. Ne5 f4 20. Ng6 fxg3+ 21. fxg3 Rf6 22. Ne5 Nxe5 23. Rxe5 Ne3 24. R1xe3 dxe3 25. Qxe3 b6 26. Rd5 Bxd5 27. Qxe8+ Rf8 28. Qe2 Bxg2 29. Kxg2 Qd5+ 30. Qe4 Qxe4+ 31. dxe4 Rf7 32. e5 Kf8 33. h4 Ke7 34. a3 Ke6 35. c4 Rd7 36. Kh3 h5 37. b4 cxb4 38. axb4 Rc7 39. c5 bxc5 40. bxc5 Rxc5 41. Bd4 Ra5 42. Kg2 a6 43. Kf3 Rxe5 44. Bxe5 Kxe5 0-1